| 000 | 01964nam0a2200361 4500 | ||
|---|---|---|---|
| 001 | RU\NLR\bibl\1110989 | ||
| 005 | 20260405114158.0 | ||
| 010 |
_a978-5-7142-0854-6 _9200 |
||
| 021 |
_aRU _b2007-39760 _92131 |
||
| 035 | _a(nilc)RSL-KNO-003129586 | ||
| 035 | _a(NLR Aleph) 001098031 | ||
| 090 |
_a1160394 _c1160394 |
||
| 100 | _a20070626d2007 |||y0rusy50 ca | ||
| 101 | 0 | _arus | |
| 102 | _aRU | ||
| 105 | _aa ||||||||| | ||
| 200 | 1 |
_aУправление процессами в школьном инновационном менеджменте _eнаучно-методическое пособие _fС.В. Сидоров _gФедер. агентство по образованию ГОУ ВПО "Челяб. гос. ун-т", Ин-т психологии и педагогики |
|
| 210 |
_aШадринск _cШадринский Дом Печати _d2007 |
||
| 215 |
_a95 с. _cил., табл. _d20 |
||
| 320 | _aБиблиогр.: с. 92-94 (64 назв.) | ||
| 606 | 1 |
_aСреднее образование _jМетодические пособия _xИнновации _92484031 _3RU\NLR\auth\661474377 |
|
| 610 | 0 | _aКультура. Наука. Просвещение -- Народное образование. Педагогические науки -- Общеобразовательная школа. Школьная педагогика -- Школьная педагогика -- Российская Федерация -- Школоведение -- Руководство учебным заведением | |
| 686 |
_aЧ421,6(2)41,0 _2rubbk |
||
| 686 | _aЧ421.2я8 | ||
| 700 | 1 |
_4070 _8rus _7ca _aСидоров _bС. В. _cканд. пед. наук _f1970- _gСергей Владимирович _3RU\NLR\auth\7744763 _927703 |
|
| 801 | 0 |
_aRU _bРКП _c20070626 _grcr |
|
| 801 | 1 |
_aRU _bРГБ _c20070626 |
|
| 801 | 2 |
_aRU _bNLR _c20070718 _grcr |
|
| 942 | _cBOOK | ||
| 980 | _aNB | ||
| 980 | _aNBR | ||